Top 100 NBA Players 2020 - Statistics

General Stats
  • This quiz has been taken 860 times
    782 since last reset
  • The average score is 72 of 100
Answer Stats
Rank Pos. Team Answer % Correct
1 SF Lakers LeBron James
99%
6 PF/C Lakers Anthony Davis
98%
3 SF Bucks Giannis Antetokounmpo
98%
4 SG Rockets James Harden
98%
10 C 76ers Joel Embiid
98%
2 SF Clippers Kawhi Leonard
98%
7 SF Nets Kevin Durant
98%
5 PG Warriors Stephen Curry
98%
8 PG Trail Blazers Damian Lillard
97%
12 PG Nets Kyrie Irving
97%
14 C Nuggets Nikola Jokic
97%
9 SF Clippers Paul George
97%
15 SG/SF Heat Jimmy Butler
96%
13 C Timberwolves Karl-Anthony Towns
96%
16 SG Mavericks Luka Doncic
96%
11 PG Rockets Russell Westbrook
95%
17 C Jazz Rudy Gobert
94%
23 SG Warriors Klay Thompson
93%
22 SG Wizards Bradley Beal
92%
21 SG Jazz Donovan Mitchell
92%
41 PG Thunder Chris Paul
91%
18 PG 76ers Ben Simmons
90%
30 SG Suns Devin Booker
89%
40 SF/PF Celtics Jayson Tatum
89%
20 PF Pistons Blake Griffin
87%
37 PF Raptors Pascal Siakam
87%
26 SG Trail Blazers C.J. McCollum
86%
34 PF Warriors Draymond Green
86%
37 PG Hawks Trae Young
85%
32 PG Wizards John Wall
84%
19 PG Celtics Kemba Walker
83%
43 PG Raptors Kyle Lowry
83%
24 C Pistons Andre Drummond
82%
44 PG Nuggets Jamal Murray
82%
29 SG/PG Pelicans Jrue Holiday
82%
48 SF Pelicans Brandon Ingram
81%
45 SG Bulls Zach LaVine
81%
38 SG Spurs DeMar DeRozan
80%
84 SG Celtics Jaylen Brown
80%
54 PG Kings De'Aaron Fox
79%
33 PF Bucks Khris Middleton
79%
35 PF Mavericks Kristaps Porzingis
78%
72 SG Nuggets Gary Harris
77%
42 SG Clippers Lou Williams
77%
47 PF 76ers Tobias Harris
77%
28 PF Spurs LaMarcus Aldridge
76%
25 SG Pacers Victor Oladipo
76%
70 C Bucks Brook Lopez
75%
46 C Magic Nikola Vucevic
75%
56 C Rockets Clint Capela
74%
31 PG Warriors D'Angelo Russell
74%
51 C Pacers Myles Turner
74%
68 PG Grizzlies Ja Morant
73%
53 PF Cavaliers Kevin Love
73%
39 PG Jazz Mike Conley
73%
94 PF Pelicans Zion Williamson
73%
49 SF Timberwolves Andrew Wiggins
72%
36 C/PF 76ers Al Horford
71%
57 C Trail Blazers Jusuf Nurkic
71%
60 C Thunder Steven Adams
71%
52 C/PF Knicks Julius Randle
70%
69 PF Magic Aaron Gordon
69%
59 SG Rockets Eric Gordon
69%
83 C Pacers Domantis Sabonis
68%
75 C Suns DeAndre Ayton
67%
65 C Raptors Marc Gasol
67%
63 PF Hawks John Collins
66%
61 C Nets DeAndre Jordan
65%
73 SG Kings Buddy Hield
64%
55 PG Bucks Eric Bledsoe
64%
97 PF Grizzlies Jaren Jackson Jr.
64%
93 PG Pistons Reggie Jackson
64%
86 C Heat Bam Adebayo
62%
88 PG Raptors Fred VanVleet
62%
87 C Nets Jarrett Allen
61%
98 C Grizzlies Jonas Valanciunas
58%
50 SG/PG Pacers Malcolm Brogdon
56%
62 PG Nets Spencer Dinwiddie
55%
91 PG Heat Goran Dragic
54%
64 SF/PF Lakers Kyle Kuzma
54%
67 PG Pistons Derrick Rose
51%
92 C Raptors Serge Ibaka
51%
80 C Trail Blazers Hassan Whiteside
49%
74 SG Nets Caris LeVert
48%
81 PF Bulls Lauri Markkanen
48%
78 PF Nuggets Paul Millsap
48%
90 SG Knicks R.J. Barrett
46%
71 SG Pelicans J.J. Redick
45%
95 SF Bulls Otto Porter
45%
89 PG Suns Ricky Rubio
45%
79 C Lakers DeMarcus Cousins
44%
96 SF Kings Harrison Barnes
44%
77 C Clippers Montrezl Harrell
43%
58 PF/SF Thunder Danilo Gallinari
42%
99 C Celtics Enes Kanter
38%
66 SG 76ers Josh Richardson
38%
85 PF Kings Marvin Bagley
36%
100 PG Heat Kendrick Nunn
35%
76 SF/PF Timberwolves Robert Covington
35%
82 C Pelicans Derrick Favors
32%
No matching quizzes found
Score Distribution
Percent of People with Each Score
Percentile by Number Answered
Your Score History
You have not taken this quiz since the last reset